CLOHERTH& STARK'S MANUAL OF NEONATAL CARE (Record no. 23229)
[ view plain ]
| 000 -LEADER | |
|---|---|
| fixed length control field | 00431nam a22001697a 4500 |
| 003 - CONTROL NUMBER IDENTIFIER | |
| control field | SGT |
| 020 ## - INTERNATIONAL STANDARD BOOK NUMBER | |
| International Standard Book Number | 9788194864554 |
| 082 ## - DEWEY DECIMAL CLASSIFICATION NUMBER | |
| Classification number | 618.92 |
| Item number | C21E |
| 100 ## - MAIN ENTRY--PERSONAL NAME | |
| Personal name | EICHENWALD, ERIC C. |
| 245 ## - TITLE STATEMENT | |
| Title | CLOHERTH& STARK'S MANUAL OF NEONATAL CARE |
| 250 ## - EDITION STATEMENT | |
| Edition statement | 1ST S.A. |
| 260 ## - PUBLICATION, DISTRIBUTION, ETC. (IMPRINT) | |
| Place of publication, distribution, etc | INDA |
| Name of publisher, distributor, etc | WOLTERS KLUWER PUB |
| Year of Publication | 2021 |
| 300 ## - PAGE DESCRIPTION | |
| No. of Pages | 1112 |
| 650 ## - SUBJECT ADDED ENTRY--TOPICAL TERM | |
| Topical term or geographic name as entry element | PEDIATRICS |
| 653 ## - KEYWORDS--INDEX TERM | |
| Keyword term | CLOHERTH& STARK'S MANUAL OF NEONATAL CARE |
| 942 ## - ADDED ENTRY ELEMENTS (KOHA) | |
| Source of classification or shelving scheme | Dewey Decimal Classification |
| Koha item type | Books |
| 942 ## - ADDED ENTRY ELEMENTS (KOHA) | |
| -- | 1 |
| Withdrawn status | Lost status | Source of classification or shelving scheme | Damaged status | Not for loan | Collection code | Home library | Current library | Shelving location | Date acquired | Vendor Name | Cost, normal purchase price | SGTU | Bill Number | Total Checkouts | Full call number | Accession No. (Barcode) | Date last seen | Date last borrowed | Bill Date | Koha item type |
|---|---|---|---|---|---|---|---|---|---|---|---|---|---|---|---|---|---|---|---|---|
| Dewey Decimal Classification | MEDICAL | SGT Medical Library | SGT Medical Library | Text Book | 02/09/2022 | ABC DELHI | 1350.00 | SGTU | 14699 | 1 | 618.92 C21E | FM13065 | 27/05/2024 | 02/05/2024 | 30/06/2022 | Books | ||||
| Dewey Decimal Classification | MEDICAL | SGT Medical Library | SGT Medical Library | Text Book | 02/09/2022 | ABC DELHI | 1350.00 | SGTU | 14699 | 618.92 C21E | FM13066 | 02/09/2022 | 30/06/2022 | Books |